Sports Quiz

Random Sports Quiz

Top Big 12 QB's Quiz Stats

 Plays Quiz not verified by Sporcle

Support Sporcle.
Go Orange.
Score 0/14 Timer 03:00
0 Plays Today
School Player % Correct
TexasVince Young
92.9%
OUSam Bradford
92.9%
OUJason White
89.4%
TexasColt McCoy
87.1%
OSUBrandon Weeden
77.6%
NebraskaEric Crouch
75.3%
MissouriChase Daniel
74.1%
School Player % Correct
Texas TechGraham Harrell
62.4%
BaylorRobert Griffin III
62.4%
OULandry Jones
59.8%
OUJosh Heupel
58.8%
OUNate Hybl
47.3%
KansasTodd Reesing
47.1%
OSUZac Robinson
45.9%

You're not logged in!

Compare scores with friends on all Sporcle quizzes.
OR
Log In

From the Vault

'G' Authors

by william2

No, it's not a grade. But it is a nice reading list for you to get into.
Remove Ads.
Support Sporcle.
Get the best of Sporcle when you Go Orange. This ad-free experience offers more features, more stats, and more fun while also helping to support Sporcle. Thank you for becoming a member.

Show Comments

Extras

Created Mar 23, 2012ReportNominate

Top Quizzes Today


Score Distribution

Your Account Isn't Verified!

In order to create a playlist on Sporcle, you need to verify the email address you used during registration. Go to your Sporcle Settings to finish the process.

Report this User

Report this user for behavior that violates our Community Guidelines.

Details: